1828 1549 1322 1420 1099 1213 1336 1938 1372 1065 1101 1239 1487 1072 1683 1912 1984 1539 1948 1858 1425 1074 1739 1039 1836 1154 1451 1629 1699 1252 1878 1893 1625 1166 1391 1619 1095 1578 1706 1946 1721 1478 1493 1109 1808 1573 1527 1546 1898 1724 1737 1104 1035 1666 1299 1282 1712 1192 1867 1396 1665 1360 1436 1343 1618 1622 1409 1185 1408 1185 1464 1728 1227 1380 1222 1768 1747 1078 1033 1516 1489 1005 1863 1342 1043 1978 1996 1683 1625 1316 1840 1734 1211 1769 1234 1897 1421 1621 1093 BCNSPRNW ULIB Ver.6.0+V

เปลี่ยนเป็นภาษาไทย

Change to English
 แสดงรายละเอียดบรรณานุกรม
  กลับหน้าหลัก

Brief Record : Get Marc (ISO 2709) : E-mail record : QR code < ปิดหน้าต่าง
LEADER : 00000nam 2200000uu 4500
001    13399128213
003     ULIB
008    020711s2020 th a 000 0 eng d
020    ^a9780803698130
060    ^aWY100.1^bM327A
100    ^aMargaret R. Colyar
245    ^aAdvanced Practice Nursing Procedures/^cMargaret R. Colyar
250    ^a2nd ed
260    ^aPhiladelphia :^bF.A. Davis Company,^c2020
300    ^a544 pages;^c21 cm
650    ^aNursing Procedures
945    ^p0^l0^i009317
999    ^aประนอม เกษจรัล
รายการนี้ยังไม่มีแท็ก
คุณยังไม่ได้ล็อกอิน คุณสามารถมีกิจกรรมร่วมกับเว็บไซต์ได้ แต่ต้องล็อกอินก่อน ::
  ล็อกอิน

รายการสื่อสารสนเทศ

ลำดับที่ ประเภท เลขเรียก/บาร์โค้ด สถานที่ สถานะ
1. Book การพยาบาล
หนังสือสำรอง
สถานะ=หนังสือสำรอง
WY100.1 M327A ฉ.1 
  Barcode: 009317
ห้องสมุดวิทยาเขตสวรรค์ประชารักษ์
►หนังสือทั่วไป
บนชั้น

BibComment


ยังไม่เคยถูกคอมเมนท์

คอมเมนท์ทรัพยากรรายการนี้
  คอมเมนท์: Advanced Practic..


 Copyright 2026. Bcnsprnw @Library